Statistics for Countries with birthright citizenship

Click here to take the quiz!

General Stats

  • This quiz has been taken 134 times
  • The average score is 19 of 32

Answer Stats

Countries% Correct
United States of America
97%
Canada
92%
Mexico
85%
Brazil
82%
Argentina
79%
Ecuador
71%
Paraguay
70%
Venezuela
69%
Bolivia
68%
Uruguay
68%
Peru
68%
Panama
67%
Guatemala
65%
Belize
64%
Honduras
64%
Costa Rica
62%
El Salvador
62%
Jamaica
60%
Nicaragua
58%
Dominica
58%
Guyana
57%
Trinidad and Tobago
55%
Barbados
54%
Saint Kitts and Nevis
53%
Antigua and Barbuda
53%
Saint Lucia
52%
Saint Vincent and the Grenadines
51%
Grenada
48%
Fiji
22%
Tuvalu
17%
Pakistan
13%
Lesotho
4%

Score Distribution

Percentile by Number Answered

Percent of People with Each Score

Your Score History

You have not taken this quiz